00750nam a2200229u 450000100060000000300080000600500170001400800390003103500190007004000330008904100080012208200200013010000410015024500940019126000750028530000260036060000330038660000510041965000200047065000120049065000180050229716BD-RjUL20211209051441.0140407s1914 ii a 000 0 eng a(BD-RjUL)29801 aDLCcCarPdDLCdBD-RjULbeng aeng00a851.1bMOD 19141 aModi, Jivanji Jamshedji,d1854-1933.10aDante papers :bVirâf, Adamman, and Dante, and other papers /c Jivanji Jamshedji Modi. aBombay :bPrinted at the Fort printing press, by M. J. Tavaria,c1914. axii, 168 p. ;c21 cm.00aDante Alighieri,d1265-1321.00aAdamnan,cSaint,d625?-704. [from old catalog] 0aZoroastrianism. 0aAngels. 0aResurrection.